Sports Quiz

Random Sports Quiz

Randy Savage PPV Opponents Quiz Stats

 Plays Quiz not verified by Sporcle

Score 0/115 Timer 15:00
0 Plays Today
PPV Opponent % Correct
WWF WrestleMania V 1989Hulk Hogan
98.4%
WWF SummerSlam 1989Hulk Hogan
98.4%
WWF Royal Rumble 1990 (Winner)Hulk Hogan
98.4%
WWF Royal Rumble 1991 (Winner)Hulk Hogan
98.4%
WCW Bash At The Beach 1996Hulk Hogan
98.4%
WCW Halloween Havoc 1996Hulk Hogan
98.4%
WCW Uncensored 1998Hulk Hogan
98.4%
WCW The Great American Bash 1998Hulk Hogan
98.4%
WWF Survivor Series 1993Diesel
96.9%
WCW Bash At The Beach 1996Kevin Nash
96.9%
WCW The Great American Bash 1999Kevin Nash
96.9%
WCW Bash At The Beach 1999Kevin Nash
96.9%
TNA Turning Point 2004Kevin Nash
96.9%
WWF Survivor Series 1992Razor Ramon
96.8%
WCW Bash At The Beach 1996Scott Hall
96.8%
WCW World War 3 1997 (Winner)Scott Hall
96.8%
TNA Turning Point 2004Scott Hall
96.8%
WWF Royal Rumble 1992 (Winner)Ric Flair
96.7%
WWF WrestleMania VIII 1992Ric Flair
96.7%
WWF Survivor Series 1992Ric Flair
96.7%
WCW Slamboree 1995Ric Flair
96.7%
WCW The Great American Bash 1995Ric Flair
96.7%
WCW Bash At The Beach 1995Ric Flair
96.7%
WCW StarrCade 1995Ric Flair
96.7%
WCW SuperBrawl VI 1996Ric Flair
96.7%
WCW Uncensored 1996Ric Flair
96.7%
WWF Survivor Series 1989Bret Hart
96.4%
WWF Royal Rumble 1994 (Co-Winner)Bret Hart
96.4%
WCW Slamboree 1998Bret Hart
96.4%
WCW The Great American Bash 1998Bret Hart
96.4%
WWF Royal Rumble 1994 (Co-Winner)Lex Luger
96.3%
WCW Halloween Havoc 1995Lex Luger
96.3%
WCW World War 3 1995Lex Luger
96.3%
WCW Uncensored 1996Lex Luger
96.3%
WCW Uncensored 1997Lex Luger
96.3%
WCW Fall Brawl 1997Lex Luger
96.3%
WCW Souled Out 1998Lex Luger
96.3%
WCW SuperBrawl VIII 1998Lex Luger
96.3%
WWF WrestleMania III 1987Ricky Steambaot
95%
PPV Opponent % Correct
WWF SummerSlam 1988Andre The Giant
94.6%
WWF WrestleMania IV 1988Ted DiBiase
94.5%
WWF SummerSlam 1988Ted DiBiase
94.5%
WWF Survivor Series 1988Ted DiBiase
94.5%
WWF WrestleMania VII 1991The Ultimate Warrior
94.3%
WWF SummerSlam 1992The Ultimate Warrior
94.3%
WCW Spring Stampede 1998Sting
91.3%
WCW Bash At The Beach 1999Sting
91.3%
WWF This Tuesday in Texas 1991Jake Roberts
89.6%
WWF WrestleMania X 1994Crush
89.1%
WCW Spring Stampede 1997Diamond Dallas Page
89%
WCW The Great American Bash 1997Diamond Dallas Page
89%
WCW Bash At The Beach 1997Diamond Dallas Page
89%
WCW Fall Brawl 1997Diamond Dallas Page
89%
WCW Halloween Havoc 1997Diamond Dallas Page
89%
WWF Royal Rumble 1993 (Winner)Yokozuna
88.9%
WWF SummerSlam 1989Brutus Beefcake
88.4%
WWF WrestleMania VI 1990Dusty Rhodes
88.4%
WWF SummerSlam 1990Dusty Rhodes
88.4%
WCW Fall Brawl 1995Zodiac
88.4%
WCW Halloween Havoc 1995Zodiac
88.4%
WCW Fall Brawl 1996The Giant
88%
WCW Uncensored 1997The Giant
88%
WCW Road Wild 1997The Giant
88%
WCW Uncensored 1996Arn Anderson
86.9%
WCW Slamboree 1996Arn Anderson
86.9%
WWF Survivor Series 1988Big Boss Man
86.6%
WCW StarrCade 1997Ray Traylor
86.6%
WWF WrestleMania IV 1988One Man Gang
85.8%
WWF Survivor Series 1988Akeem
85.8%
WCW World War 3 1995 (Last Eliminated)One Man Gang
85.8%
WWF Survivor Series 1988Haku
84.1%
WCW Fall Brawl 1995Meng
84.1%
WCW Uncensored 1996Meng
84.1%
WCW Uncensored 1997Roddy Piper
83.1%
WCW The Great American Bash 1998Roddy Piper
83.1%
WCW SuperBrawl V 1995Avalanche
82.9%
WCW Uncensored 1995Avalanche
82.9%
WCW Fall Brawl 1995Shark
82.9%
PPV Opponent % Correct
WCW Uncensored 1997Jeff Jarrett
82.8%
TNA Turning Point 2004Jeff Jarrett
82.8%
WWF WrestleMania IV 1988Greg Valentine
82.3%
WCW Uncensored 1997Scott Steiner
82.2%
WCW StarrCade 1997Scott Steiner
82.2%
WCW StarrCade 1997Rick Steiner
81.8%
WCW Uncensored 1997Chris Benoit
81.7%
WWF WrestleMania II 1986George Steele
81.2%
WCW Bash At The Beach 1997Curt Hennig
81.1%
WWF Royal Rumble 1989 (Winner)Big John Studd
78.5%
WWF Survivor Series 1987Honky Tonk Man
78%
WWF Survivor Series 1989Jim Duggan
77.9%
WCW Uncensored 1996The Barbarian
74.4%
WCW Uncensored 1996Kevin Sullivan
74.3%
WWF WrestleMania VI 1990Sapphire
73.1%
WCW Slamboree 1995Vader
71.6%
WWF Survivor Series 1993Irwin R. Schyster
70.7%
WWF WrestleMania IV 1988Butch Reed
70.5%
WWF Survivor Series 1993Rick Martel
69.2%
WWF Survivor Series 1987Hercules
67.9%
WWF Survivor Series 1989Hercules
67.9%
WCW Uncensored 1997Steve McMichael
66%
WCW Fall Brawl 1995Kamala
62.9%
WWF Survivor Series 1987Harley Race
56.9%
WCW Slamboree 1996Eddy Guerrero
55.9%
WWF Survivor Series 1988The Red Rooster
55.5%
WWF Survivor Series 1987Ron Bass
52.2%
WCW Road Wild 1999Dennis Rodman
51.2%
WWF Survivor Series 1987Danny Davis
50.9%
WCW Uncensored 1996Z-Gangsta
48.9%
WWF Survivor Series 1993Adam Bomb
48.6%
WCW Uncensored 1996The Ultimate Solution
47.9%
WWF Survivor Series 1989Ronnie Garvin
46.6%
WCW Slamboree 1996Rocco Rock
33.5%
WCW SuperBrawl V 1995Big Bubba Rogers
30.5%
WCW Slamboree 1996Johnny Grunge
29.5%
WCW StarrCade 1995Hiroyoshi Tenzan
18.5%

You're not logged in!

Compare scores with friends on all Sporcle quizzes.
OR
Log In

Show Comments

Extras

Top Quizzes Today


Score Distribution

Your Account Isn't Verified!

In order to create a playlist on Sporcle, you need to verify the email address you used during registration. Go to your Sporcle Settings to finish the process.

Report this User

Report this user for behavior that violates our Community Guidelines.

Details: